[Event "Oslo CC-chB"]
[Site "Oslo"]
[Date "2018.09.06"]
[Round "1"]
[White "Tvare, Tormod"]
[Black "Landsverk, Ida"]
[Result "1-0"]
[WhiteElo "1667"]
[BlackElo "1348"]
[PlyCount "153"]
[EventDate "2018.09.06"]
[EventType "swiss"]
[EventRounds "9"]
[EventCountry "NOR"]
[SourceTitle "EXT 2024"]
[Source "ChessBase"]
[SourceDate "2023.10.10"]
[SourceVersion "1"]
[SourceVersionDate "2023.10.10"]
[SourceQuality "1"]

1. d4 Nf6 2. c4 g6 3. Nf3 Bg7 4. Nc3 d6 5. e3 0-0 6. Bd3 Nbd7 7. 0-0 e5 8. d5 Nc5 9. e4 Nh5 10. h3 Nxd3 11. Qxd3 f5 12. exf5 gxf5 13. Qd1 Qe8 14. Nb5 Qf7 15. Ng5 Qg6 16. Nxc7 f4 17. Nge6 Bxe6 18. Nxe6 Rf7 19. Qg4 Qh6 20. Qg5 Kh8 21. Rb1 Rg8 22. b3 Nf6 23. f3 Nh5 24. Ba3 Ng3 25. Rf2 Rd7 26. Rc2 Qxg5 27. Nxg5 Nf5 28. Re1 Nd4 29. Rd2 Bf6 30. Ne6 Nxf3+ 31. Kf2 Nxd2 32. Re2 Bh4+ 33. Kg1 Nf3+ 34. Kf1 Ng5 35. Rd2 Ne4 36. Rc2 Re8 37. Ke2 Ng5 38. Nxg5 Bxg5 39. Bb2 Rg8 40. Kf3 Be7 41. b4 b6 42. a4 Rdd8 43. c5 bxc5 44. bxc5 Rc8 45. c6 Kg7 46. Rc4 Kf7 47. Bc3 Bd8 48. Rb4 Ba5 49. Rb7+ Rc7 50. Bxa5 Rxb7 51. cxb7 Rb8 52. Bc7 Rxb7 53. Bxd6 Kf6 54. Ke4 Rf7 55. Bxe5+ Ke7 56. Bxf4 Kd7 57. d6 Rf8 58. g3 Rb8 59. Kf5 Rb3 60. Kf6 h5 61. Kg5 Ra3 62. Kxh5 Rxa4 63. Kg6 a5 64. h4 Rd4 65. h5 a4 66. h6 a3 67. h7 a2 68. h8Q a1Q 69. Qg7+ Kc6 70. Qc7+ Kb5 71. Qb7+ Kc4 72. Qc6+ Kb3 73. Qb5+ Kc3 74. Be5 Qd1 75. Qc5+ Kb3 76. Qxd4 Qf3 77. Qc3+ 1-0

[Event "Stjernen NGP B"]
[Site "Oslo"]
[Date "2018.06.09"]
[Round "4"]
[White "Lindstad, Livia"]
[Black "Tvare, Tormod"]
[Result "0-1"]
[WhiteElo "1440"]
[BlackElo "1687"]
[PlyCount "150"]
[EventDate "2018.06.08"]
[EventType "swiss"]
[EventRounds "6"]
[EventCountry "NOR"]
[SourceTitle "EXT 2024"]
[Source "ChessBase"]
[SourceDate "2023.10.10"]
[SourceVersion "1"]
[SourceVersionDate "2023.10.10"]
[SourceQuality "1"]

1. e4 c5 2. Nf3 d6 3. c3 Nf6 4. d3 e6 5. Bg5 Be7 6. Nbd2 Nc6 7. d4 cxd4 8. cxd4 a6 9. Rc1 0-0 10. Be2 Bd7 11. 0-0 Qa5 12. Qb3 Nxd4 13. Nxd4 Qxg5 14. N4f3 Qa5 15. Nc4 Qb5 16. Qxb5 Bxb5 17. e5 dxe5 18. Nfxe5 Rac8 19. Bf3 Bxc4 20. Nxc4 b5 21. Na5 Nd5 22. Nc6 Rc7 23. Nxe7+ Rxe7 24. Bxd5 exd5 25. Rc6 Re6 26. Rxe6 fxe6 27. Rc1 Kf7 28. Rc6 h5 29. Kf1 Kf6 30. Rxa6 Rc8 31. Ke1 Rc2 32. b3 Rb2 33. Ra5 Ke5 34. Rxb5 Rxa2 35. Rb7 Kf6 36. b4 Rb2 37. b5 d4 38. Rd7 e5 39. Rd6+ Kf5 40. b6 Ke4 41. Re6 Kd3 42. f3 Rxg2 43. Rxe5 Rb2 44. Rxh5 Rxb6 45. Rh3 Ke3 46. Kd1 Rf6 47. Rg3 g6 48. Ke1 Ra6 49. f4+ Kxf4 50. Rd3 Ke4 51. Ke2 Ra2+ 52. Rd2 d3+ 53. Kd1 Rxd2+ 54. Kxd2 g5 55. h3 Kf3 56. Kxd3 Kg3 57. Ke2 Kxh3 58. Kf2 g4 59. Kg1 Kg3 60. Kh1 Kf2 61. Kh2 g3+ 62. Kh3 g2 63. Kg4 g1Q+ 64. Kf4 Qg3+ 65. Ke4 Ke2 66. Kd4 Qe3+ 67. Kd5 Qf4 68. Ke6 Qg5 69. Kd6 Ke3 70. Ke6 Kd4 71. Kd6 Qf6+ 72. Kd7 Kc5 73. Kc7 Qe7+ 74. Kb8 Kb6 75. Ka8 Qd8# 0-1